Savage- Bahari lyrics - Statistics

General Stats
  • This quiz has been taken 17 times
  • The average score is 227 of 240
Answer Stats
Answer % Correct
a
100%
addicted
100%
advantage
100%
am
100%
and
100%
but
100%
can
100%
’cause,
100%
do
100%
don’t
100%
down
100%
down,
100%
get
100%
give
100%
have
100%
I
100%
if
100%
I’m
100%
inside
100%
knees,
100%
know
100%
madness,
100%
make
100%
me
100%
me,
100%
might
100%
much
100%
need
100%
not
100%
on
100%
or
100%
reason
100%
saint
100%
savage,
100%
savage
100%
should
100%
so
100%
stay
100%
sun,
100%
take
100%
that
100%
the
100%
this
100%
to
100%
too
100%
trapped
100%
you
100%
your
100%
blood
89%
blush?
89%
body’s
89%
burned
89%
chance
89%
damage,
89%
gonna
89%
heaven
89%
hold
89%
is
89%
like
89%
my
89%
pray
89%
some
89%
think
89%
touch
89%
wanna
89%
what
89%
when
89%
be
78%
break
78%
could
78%
fade
78%
here’s
78%
it
78%
just
78%
leave
78%
rush
78%
save
78%
tame
78%
twisted
78%
weapon
78%
you’re
78%
because,
67%
because
67%
careful
56%
drowning
56%
into
56%
really
56%
ride,
56%
trust
56%
us
56%
who
56%
tide,
44%
No matching quizzes found
Score Distribution
Percent of People with Each Score
Percentile by Number Answered
Your Score History
You have not taken this quiz